Catálogo
 En Linea

Etimologías / (Registro nro. 24622)

Detalles MARC
000 -CABECERA
campo de control de longitud fija 00975nam a2200241 a 4500
001 - NÚMERO DE CONTROL
campo de control 000025129
005 - FECHA Y HORA DE LA ÚLTIMA TRANSACCIÓN
campo de control 20200930023558.0
008 - DATOS DE LONGITUD FIJA--INFORMACIÓN GENERAL
campo de control de longitud fija 110210s1951 sp r 001 0 spa d
040 ## - FUENTE DE LA CATALOGACIÓN
Centro catalogador/agencia de origen DO-SdBNP
Lengua de catalogación spa
Centro/agencia transcriptor BNPHU
082 ## - NÚMERO DE LA CLASIFICACIÓN DECIMAL DEWEY
Número de clasificación xxxxx
Número de documento/Ítem S511e
049 ## - FONDOS LOCALES (OCLC)
Fondos de biblioteca BNGR
100 1# - ENTRADA PRINCIPAL--NOMBRE DE PERSONA
Nombre de persona Sevilla, San Isidro de
9 (RLIN) 51513
245 10 - MENCIÓN DE TÍTULO
Título Etimologías /
Mención de responsabilidad, etc. traducción Luis Cortés y Góngora , introducción Santiago montero Díaz.
260 ## - PUBLICACIÓN, DISTRIBUCIÓN, ETC.
Lugar de publicación, distribución, etc. Madrid :
Nombre del editor, distribuidor, etc. Biblioteca de Autores Cristianos,
Fecha de publicación, distribución, etc. 1951.
300 ## - DESCRIPCIÓN FÍSICA
Extensión xx, 563 p. ;
Dimensiones 20 cm.
500 ## - NOTA GENERAL
Nota general Incluye índice de tecnicismos.
500 ## - NOTA GENERAL
Nota general Incluye índice de nombres propios de personas.
500 ## - NOTA GENERAL
Nota general Incluye índice de nombres de lugares.
500 ## - NOTA GENERAL
Nota general Incluye índice de nombres propios y de lugar en la introducción, notas, bibliografía y comentarios.
504 ## - NOTA DE BIBLIOGRAFÍA, ETC.
Nota de bibliografía, etc. Incluye referencias bibliográficas y notas al pie de las páginas.
700 1# - PUNTO DE ACCESO ADICIONAL--NOMBRE DE PERSONA
Nombre de persona Cortés y Góngora, Luis,
Término indicativo de función/relación tr.
9 (RLIN) 51514
700 1# - PUNTO DE ACCESO ADICIONAL--NOMBRE DE PERSONA
Nombre de persona Montero Díaz, Santiago
9 (RLIN) 51515

No hay ítems disponibles.

Con tecnología Koha